LEADER 00918nam0-22003131i-450- 001 990000496480403321 005 20100204143214.0 010 $a0470210532 035 $a000049648 035 $aFED01000049648 035 $a(Aleph)000049648FED01 035 $a000049648 100 $a20020821d1988----km-y0itay50------ba 101 0 $aeng 105 $aa-------001yy 200 1 $aSolving problems in electrical power and power electronics$fH. F. G. Gwyther 210 $aNew York$cWiley-Sons$d1988 215 $a203 p.$cill.$d24 cm 610 0 $aElettronica di potenza 610 0 $aMacchine elettriche 676 $a621.31'042 700 1$aGwyther,$bH.F.G.$0340177 801 0$aIT$bUNINA$gRICA$2UNIMARC 901 $aBK 912 $a990000496480403321 952 $a10 C I 404$b1079 DEE$fDINEL 959 $aDINEL 996 $aSolving problems in electrical power and power electronics$9333173 997 $aUNINA LEADER 00947nam0-22003251i-450- 001 990002568700403321 005 20100211100221.0 035 $a000256870 035 $aFED01000256870 035 $a(Aleph)000256870FED01 035 $a000256870 100 $a20030910d1960----km-y0itay50------ba 101 0 $aeng 200 1 $aMathematical methods for digital computers$fAnthony Ralston, Herbert S. Wilf 210 $aNew York$cWiley$d1960 215 $aXI, 290 p.$d27 cm 610 0 $aMetodi computazionali 610 0 $aCalcolatori$aProgrammazione 676 $a001 700 1$aRalston,$bAnthony$01681 701 1$aWilf,$bHerbert S.$f<1931- >$012671 801 0$aIT$bUNINA$gRICA$2UNIMARC 901 $aBK 912 $a990002568700403321 952 $a10 P.T. 193$b120 CCE$fDINEL 952 $aMXXI-A-92$b018213$fMAS 959 $aMAS 959 $aDINEL 996 $aMathematical methods for digital computers$9319814 997 $aUNINA LEADER 01658nam--2200397---450- 001 990000669620203316 005 20100723102123.0 010 $a88-13-18966-4 035 $a0066962 035 $aUSA010066962 035 $a(ALEPH)000066962USA01 035 $a0066962 100 $a20011011d1994----km-y0itay0103----ba 101 $aita 102 $aIT 105 $a||||||||001yy 200 1 $aStruttura e governo dell'impresa$everso la formulazione di un modello quantitativo per l'analisi dei processi di sviluppo$fGaetano M. Golinelli 205 $a3. ed. 210 $aPadova$cCEDAM$d1994 215 $aXIV, 411 p.$d25 cm 225 2 $aCollana di studi di tecnica aziendale$fUniversità degli Studi di Roma "La Sapienza", Facoltà di economia e commercio, Istituto di economia e tecnica delle imprese industriali, commerciali e di pubblica utilità$v2 410 $12001$aCollana di studi di tecnica aziendale$fUniversità degli Studi di Roma "La Sapienza", Facoltà di economia e commercio, Istituto di economia e tecnica delle imprese industriali, commerciali e di pubblica utilità$v2 606 0 $aAziende$xGestione finanziaria 676 $a658.152 700 1$aGOLINELLI,$bGaetano M.$03341 801 0$aIT$bsalbc$gISBD 912 $a990000669620203316 951 $aXXX.B. Coll. 109/ 5 (X 20 L 2)$b4760 EC$cXXX.B. Coll. 109/ 5 (X 20 L)$d00274186 959 $aBK 969 $aECO 979 $aPATTY$b90$c20011011$lUSA01$h2319 979 $c20020403$lUSA01$h1716 979 $aPATRY$b90$c20040406$lUSA01$h1646 979 $aRSIAV4$b90$c20100723$lUSA01$h1021 996 $aStruttura e governo dell'impresa$963406 997 $aUNISA